| 000 | | | 03894nac2a22002773x 450 |
| 001 | | | 95db0b96-2583-43ba-a648-2a36a6930e2a |
| 005 | | | 20220705135259.0 |
| 100 | ## | $a | 20220622l1924 k y0rusy50 ca |
| 101 | 0# | $a | rus |
| 102 | ## | $a | RU |
| 105 | ## | $a | y z ||||| |
| 122 | 0# | $a | d19240531 |
| 200 | 1# | $a | Газетные вырезки о развитии транспорта |
| | $j | Май 1924 |
| 215 | ## | $a | 8 листов |
| 251 | ## | $c | Дело |
| 300 | ## | $a | Заголовок дела на папке отсутствует |
| 300 | ## | $a | На папке дела дата не указана |
| 300 | ## | $a | Листы: 2-8 - вырезки из газет; после 8 (1) - чистые |
| 300 | ## | $a | Напечатано типографским способом |
| 330 | ## | $a | Входит в раздел описи: Документы Народного комиссариата финансов. Транспортный сектор (Департамент железнодорожных дел) Наркомата финансов |
| 461 | #0 | $1 | 00170a9e75d-b6e1-4eed-a561-fb01df49f1ed |
| | $1 | 2001 |
| | $a | Коллекция документов профессора И. Х. Озерова |
| | $1 | 251 |
| | $c | Фонд |
| | $1 | 852 |
| | $j | 1838 |
| 462 | #0 | $1 | 0010128b4bc-9fed-474c-8a7c-fdbe2c2718e2 |
| | $1 | 2001 |
| | $a | Документы советского периода. 1917-1933 гг. |
| | $v | Д. 81 |
| | $1 | 251 |
| | $c | Опись |
| | $1 | 852 |
| | $j | 2 |
| 600 | #1 | $a | Озеров |
| | $b | И. Х. |
| | $g | Иван Христофорович |
| 801 | #0 | $a | RU |
| | $b | GA_RF |
| 801 | #1 | $a | RU |
| | $b | ГлавНИВЦ |
| | $c | 20220622 |
| | $2 | rusmarc |
| 801 | #2 | $a | RU |
| | $b | ПБ им. Б.Н. Ельцина |
| | $c | 20220705 |
| | $g | RCR |
| | $2 | rusmarc |
| 852 | ## | $a | ГА РФ |
| | $j | 81 |
| 937 | ## | $d | 177089793 |
| | $h | ГАРФ |
| 035 | ## | $a | RuPRLIB51067681 |
| 856 | ## | $u | http://readingroom.main.prlib.ru/item.aspx?id_node=n177089793&mode=full |